000 nam a22 a 4500
999 _c893
_d893
003 AKMAL
005 20170505163731.0
008 170505s1990 my 00 eng d
020 _a9839962841 (pbk.) :
_cRM9.00
040 _aAKMAL
082 0 4 _a297.1975 ATT
_221
090 0 0 _a297.1975
_bATT
100 1 _aal-Attas, Syed Muhammad Naquib,
_d1931-
_9847
245 1 4 _aThe Intuition of existence :
_bA fundamental basis of Islamic metaphysics /
_cSyed Muhammad Naquib Al-Attas
260 _aKuala Lumpur :
_bInternational Institute of Islamic Thought and Civilization,
_c1990
300 0 0 _a46p. ;
_c22cm.
521 _aIntended audience: Adults
650 0 _aIslam
_9922
650 0 _aMetaphysics
_9921
650 0 _aKnowledge, Theory of
_9831
650 0 _aPsychology
_9859
942 _2ddc
_cBOOK